000 00769nam a22002537a 4500
001 BR7702098
003 BR-BrBNA
005 20230928085247.0
007 ta
008 230509b bl.||||| |||| 00| 0 por d
040 _aBR-BrBNA
_bpor
_cBiblioteca Nacional de Agricultura
041 _a(Por)
072 _aD10
_b/G514
090 _ D10 BR7702098
110 1 _aComissao Estadual de Planejamento Agricola, Natal, RN (Brasil)
_92056
245 1 _aSubsidios ao Projeto de regionalizacao do setor publico agricola do Rio Grande do Norte [Brasil]
260 3 _aNatal, RN (Brasil):
_c1977.
300 _a44 p.
650 _aAdministracao
650 _aAdministracao publica
650 _aRio Grande do Norte
909 _a202309
_bLucia
_c55
_dLucia Elande
942 _cBK
999 _c23542
_d23542